000 00623nam a2200217 4500
003 OSt
005 20260601171011.0
008 260507b2006\\\\|||aeb||\||||\001\0\spa\d
020 _a9709926012
040 _aICI
_bspa
_cICI
050 _aTC601
_b.B88
100 1 _aButze, Sonia,
_ecoordinador
_933190
245 1 _aLas maravillas del agua /
_cSonia Butze y Carlos Viramontes
264 _bINAH Antropología
_c2006
_aMéxico
300 _a305 páginas
336 _atexto
_2rdacontent
337 _asin medio
_2rdamedia
338 _avolumen
_2rdacarrier
700 _aViramontes, Carlos,
_eCoordinador
942 _2lcc
_cB
_n1
999 _c20518
_d20518